|
|
|
|
| LEADER |
01931nam a2200481 a 4500 |
| 001 |
nkc20132535701 |
| 003 |
CZ PrNK |
| 005 |
20140707085831.0 |
| 007 |
ta |
| 008 |
131216s2014 xr ab e 000 0 cze |
| 015 |
|
|
|a cnb002535701
|
| 020 |
|
|
|a 978-80-87361-27-6
|q (brož.)
|
| 035 |
|
|
|a (OCoLC)883370692
|
| 040 |
|
|
|a BOA001
|b cze
|
| 072 |
|
7 |
|a 631
|x Zemědělství. Pedologie. Agrotechnika. Agroekologie
|2 Konspekt
|9 24
|
| 080 |
|
|
|a 631.6.02
|2 MRF
|
| 080 |
|
|
|a 502.171:502.51
|2 MRF
|
| 080 |
|
|
|a 332.3
|2 MRF
|
| 080 |
|
|
|a (072)
|2 MRF
|
| 245 |
0 |
0 |
|a Systém analýzy území a návrhu opatření k ochraně půdy a vody v krajině :
|b podklad pro územní plánování a pozemkové úpravy : [metodický návod] /
|c řešitelský kolektiv Jana Podhrázská ... [et al.]
|
| 246 |
3 |
0 |
|a Podklad pro územní plánování a pozemkové úpravy
|
| 250 |
|
|
|a 1. vyd.
|
| 260 |
|
|
|a Praha :
|b Výzkumný ústav meliorací a ochrany půdy, oddělení pozemkové úpravy a využití krajiny,
|c 2014
|
| 300 |
|
|
|a 52 s. :
|b barev. il., mapy ;
|c 25 cm
|
| 490 |
1 |
|
|a Metodika
|
| 504 |
|
|
|a Obsahuje bibliografii
|
| 650 |
0 |
7 |
|a ochrana půdy
|7 ph135506
|2 czenas
|
| 650 |
0 |
7 |
|a ochrana vod
|7 ph123666
|2 czenas
|
| 650 |
0 |
7 |
|a protierozní ochrana půdy
|7 ph124673
|2 czenas
|
| 650 |
0 |
7 |
|a pozemkové úpravy
|7 ph124467
|2 czenas
|
| 650 |
0 |
9 |
|a soil protection
|2 eczenas
|
| 650 |
0 |
9 |
|a water conservation
|2 eczenas
|
| 650 |
0 |
9 |
|a soil erosion control
|2 eczenas
|
| 650 |
0 |
9 |
|a reallocation of land
|2 eczenas
|
| 655 |
|
7 |
|a metodické příručky
|7 fd132826
|2 czenas
|
| 655 |
|
9 |
|a methodological manuals
|2 eczenas
|
| 700 |
1 |
|
|a Podhrázská, Jana,
|d 1960-
|7 mzk2005282446
|4 aut
|
| 810 |
2 |
|
|a Výzkumný ústav meliorací a ochrany půdy.
|t Metodika
|0 s
|
| 910 |
2 |
|
|a BOA001
|b 2-1326.041
|
| 990 |
|
|
|a BK
|
| 995 |
|
|
|a 01
|
| 991 |
|
|
|b 201406
|c NOV
|e n
|
| 996 |
6 |
|
|b 2610592511
|c 2-1326.041
|l MZK
|r Sklad / do 1 hodiny
|n 20
|p p.v.
|w 001425297
|u 000010
|a 1
|e BOA001
|j MZK50
|s P
|